The Xenophon papyri. Anabasis, Cyropaedia, Cynegeticus, De Vectigalibus /

محفوظ في:

المؤلف الرئيسي: Paap, A. H. R. E. (مؤلف)

مؤلفون آخرون: Xenophon

التنسيق: كتاب

اللغة: English

منشور في: Leiden : Brill, 1970.

سلاسل: Papyrologica Lugduno-Batava ( Leyde ) ; 18.
P.L.Bat ; 18.

الموضوعات:

الوسوم: إضافة وسم

لا توجد وسوم, كن أول من يضع وسما على هذه التسجيلة!

رقم الطلب: PA3301 .P2 v.18

LEADER 00875nam a22002777a 4500
001 25519
003 OSt
005 20250922074044.0
008 250922s1970 ne g 000 0beng d
010 |a 78549464 
040 |c ARCE Library 
050 1 4 |a PA3301   |b .P2 v.18 
100 1 |a Paap, A. H. R. E.,  |e author  |9 37208 
245 1 4 |a The Xenophon papyri.   |b Anabasis, Cyropaedia, Cynegeticus, De Vectigalibus /  |c By A. H. R. E. Paap. 
264 1 |a Leiden :   |b Brill,   |c 1970. 
300 |a viii, 91 pages ;  |c 28 cm. 
490 1 |a Papyrologica Lugduno-Batava ( Leyde ) ;   |v 18. 
490 1 |a P.L.Bat ;   |v 18. 
600 0 0 |a Xenophon  |x Manuscripts (Papyri).  |9 42427 
650 0 |a Manuscripts, Greek (Papyri) 
700 0 |a Xenophon  |9 42427 
830 0 |a Papyrologica Lugduno-Batava ( Leyde ) ;   |v 18. 
830 0 |a P.L.Bat ;   |v 18. 
901 |a reviewed 
942 |c BK  |2 lcc 
999 |c 22246  |d 22246